The Middle Quiz - Statistics

General Stats
  • This quiz has been taken 202 times
  • The average score is 14 of 27
Answer Stats
Hint Answer % Correct
Last name of the main family Heck
97%
Year the first episode aired 2009
86%
Fictional town the show takes place in Orson
79%
Sue's 1st boyfriend Brad
72%
Year the last episode aired 2018
70%
Their perfect neighbors The Donahues
69%
Where Mike works The Quarry
67%
X Sean
66%
Her job after she was fired Dental Hygienist
61%
Mike's brother Rusty
59%
Channel that it aired on ABC
57%
Sue's best friend Carly
57%
Members of the above family Nancy
56%
Where Frankie worked Ehlert Motors
54%
Nightmare neigbors The Glossners
54%
Minister who Sue admires Reverend Tim Tom
53%
X Edie
52%
Frankie friend and coworker Bob
50%
Any extracurriculars Sue was a part of Track and Field|Wrestlerettes|Cheerleading
41%
The above's dog Doris
40%
Axl's band's name Axl and the Ax-Men
38%
X Ron
35%
Frankie's aunts Ginny
34%
X Dottie
32%
The actor that played the above Norm Macdonald
26%
X Shelly
19%
Town that the above is based off of Julseth, Indiana
1%
No matching quizzes found
Score Distribution
Percent of People with Each Score
Percentile by Number Answered
Your Score History
You have not taken this quiz